000
00402nam a22001697a 4500
003
MPLRDC
005
20220104113940.0
008
210129b ||||| |||| 00| 0 eng d
082
_a
848.2 ZXF-8
100
_a
张晓风著
245
_a
地毯的那一端
_c
260
_a
_b
大林出版社
_c
1984
300
_b
平
490
_a
大林文库;3
650
_a
现代别集
942
_c
BK
_o
848.2 ZXF-8
999
_c
3617
_d
3607